000 00786nam a2200253 a 4500
001 BRCA_345
005 20190320202952.0
008 721122s1972 enka---##b---#001-0#eng-#
020 _a0415084458
040 _aDLC
_cDLC
_dDLC
050 4 _aAM5
_b.C66 1992
100 1 _aCook, Robert Manuel
_91146
245 1 0 _aGreek Painted Pottery
_c[by] R. M. Cook.
260 _aLondres ; Nueva York
_bThe Conservation Unit of the Museums & Galleries Commission : Routledge
_c1992
300 _axxiv, 390 p.
_bil.
_c24 cm.
500 _aIncluye glosario
500 _aDonación Consejo Británico
504 _aBibliografía: p. 331-359
650 1 4 _aCerámica, griega
_91147
650 1 4 _aFloreros
_zGrecia
_91148
650 1 4 _aPintura de vasos griega
_91149
902 _aDCB
942 _2lcc
_cB
999 _c282
_d282